000 00595nam a22001937a 4500
005 20170817113806.0
010 _aENG-119834
020 _a9788129001474
_c895.00
035 _aEN-103366
037 _bDBAD/PUB
082 _a304.6
100 _aKhanna, Jhanvi
245 _aDemography:
_cby Jhanvi Khanna
_ba critical approach /
260 _aChandigarh
_bNew Era Book Agency
_c2017
270 _aSCO 49-51, Sector -17 C, Post Box -52
_bChandigarh
_e160017
300 _a232p.
_c23cm(Hb)
500 _a Includes bibliographical references
942 _2ddc
_cEN
_h304.6
_mKHA
999 _c143459
_d143459